[Event "EU-Cup 32nd"]
[Site "Novi Sad"]
[Date "2016.11.09"]
[Round "4.1"]
[White "Predojevic, Borki"]
[Black "Dambacher, Martijn"]
[Result "1/2-1/2"]
[WhiteElo "2636"]
[BlackElo "2479"]
[PlyCount "84"]
[EventDate "2016.11.06"]
[EventType "team-swiss"]
[EventRounds "7"]
[EventCountry "SRB"]
[SourceTitle "CBM 176"]
[Source "ChessBase"]
[SourceDate "2017.01.17"]
[SourceVersion "1"]
[SourceVersionDate "2017.01.17"]
[SourceQuality "1"]
[WhiteTeam "Vaalerenga"]
[BlackTeam "Eynatten"]
[WhiteTeamCountry "NOR"]
[BlackTeamCountry "BEL"]

1. e4 c5 2. Nf3 d6 3. Bb5+ Bd7 4. Bxd7+ Qxd7 5. c4 g6 6. d4 cxd4 7. Nxd4 Bg7 8. Nc3 Nf6 9. f3 0-0 10. Be3 Nc6 11. Rc1 a6 12. Nxc6 Qxc6 13. b3 Rfc8 14. a4 Qe8 15. 0-0 Nd7 16. a5 Qf8 17. Qd2 Rc6 18. Rfd1 Rd8 19. Na4 Rdc8 20. Rc2 Be5 21. Kh1 Bg7 22. Qb4 R8c7 23. Nc3 e6 24. Na4 Qb8 25. Qd2 Rc8 26. Bf4 Be5 27. Bxe5 Nxe5 28. Nb6 Rd8 29. b4 Nd7 30. b5 axb5 31. Nxd7 Rxd7 32. cxb5 Rxc2 33. Qxc2 d5 34. exd5 Rxd5 35. Rxd5 exd5 36. h3 d4 37. a6 bxa6 38. bxa6 Qa8 39. Qc4 Qd8 40. Qd3 Qa5 41. Qxd4 Qxa6 42. Kg1 h5 1/2-1/2

[Event "NED-chT 1617"]
[Site "Netherlands"]
[Date "2016.10.08"]
[Round "2.3"]
[White "Dambacher, Martijn"]
[Black "Peng, Zhaoqin"]
[Result "1/2-1/2"]
[WhiteElo "2485"]
[BlackElo "2368"]
[PlyCount "62"]
[EventDate "2016.09.17"]
[EventType "team-tourn"]
[EventRounds "9"]
[EventCountry "NED"]
[SourceTitle "EXT 2017"]
[Source "ChessBase"]
[SourceDate "2016.10.25"]
[SourceVersion "1"]
[SourceVersionDate "2016.10.25"]
[SourceQuality "1"]
[WhiteTeam "Calder HMC"]
[BlackTeam "En Passant"]
[WhiteTeamCountry "NED"]
[BlackTeamCountry "NED"]

1. d4 e6 2. c4 Nf6 3. Nc3 Bb4 4. e3 c5 5. Bd3 Nc6 6. Nf3 d6 7. Qc2 0-0 8. 0-0 Bxc3 9. Qxc3 e5 10. Bc2 e4 11. Nd2 cxd4 12. exd4 d5 13. c5 a5 14. Nb1 Nh5 15. Be3 f5 16. Bd1 f4 17. Bxh5 Qg5 18. Bxf4 Rxf4 19. Qg3 Qf6 20. Nc3 Be6 21. Rad1 Rf8 22. Qe3 Qh6 23. Be2 Rxf2 24. Qxh6 Rxf1+ 25. Rxf1 gxh6 26. Nb5 Kg7 27. Rxf8 Kxf8 28. Kf2 Ke7 29. Ke3 Kd7 30. Kf4 Ke7 31. Bh5 Nb4 1/2-1/2